[Event "Turkey Cup 2019"]
[Site "Belek"]
[Date "2019.01.27"]
[Round "1.47"]
[White "Kaplan, Cem Azad"]
[Black "Baltaci, Ismail Tarik"]
[Result "0-1"]
[WhiteElo "1602"]
[BlackElo "2014"]
[Annotator "NA"]
[PlyCount "88"]
[EventDate "2019.01.27"]
[EventType "swiss"]
[EventCountry "TUR"]
[SourceTitle "playchess.com"]
[Source "ChessBase"]
[SourceQuality "1"]

1. e4 e5 2. Nf3 Nc6 3. d4 exd4 4. Nxd4 Qh4 5. Qd3 Nf6 6. Nxc6 dxc6 7. Nd2 Bc5 8. Qg3 Qxg3 9. hxg3 Be6 10. Bd3 Ng4 11. O-O O-O-O 12. Nb3 Bb6 13. Be2 Ne5 14. Bf4 Nc4 15. Bxc4 Bxc4 16. Rfd1 f6 17. c3 g5 18. Be3 Bxe3 19. fxe3 Rhe8 20. Kf2 Be6 21. Rd4 Bg4 22. Nd2 c5 23. Rxd8+ Rxd8 24. Nf3 Bxf3 25. Kxf3 Rd2 26. Rh1 Rxb2 27. Rxh7 Rxa2 28. Rf7 b5 29. Rxf6 b4 30. e5 b3 31. e6 Ra6 32. Rf8+ Kb7 33. e7 Re6 34. e8=Q Rxe8 35. Rxe8 b2 36. Re5 b1=Q 37. Rxc5 Qd1+ 38. Kf2 g4 39. Rb5+ Kc6 40. Rb2 a5 41. e4 a4 42. Ke3 Qc1+ 43. Rd2 a3 44. Kd3 Qxd2+ 0-1

[Event "Turkey Cup 2019"]
[Site "Belek"]
[Date "2019.01.27"]
[Round "1.49"]
[White "Yildirim, Kemal"]
[Black "Buke, Furkan"]
[Result "0-1"]
[WhiteElo "1669"]
[BlackElo "2044"]
[Annotator "NA"]
[PlyCount "56"]
[EventDate "2019.01.27"]
[EventType "swiss"]
[EventCountry "TUR"]
[SourceTitle "playchess.com"]
[Source "ChessBase"]
[SourceQuality "1"]

1. e4 c5 2. Nf3 g6 3. d4 cxd4 4. Nxd4 Nc6 5. c4 Nf6 6. Nc3 d6 7. Be2 Nxd4 8. Qxd4 Bg7 9. Qd3 Be6 10. Rb1 O-O 11. O-O Nd7 12. Qc2 Ne5 13. Nd5 Rc8 14. Qa4 Nc6 15. Bg5 f5 16. Bd3 h6 17. Be3 Ne5 18. Be2 fxe4 19. Bxa7 Ra8 20. Qa3 Bxd5 21. cxd5 b6 22. Qa4 Qc7 23. Qxe4 Qxa7 24. f4 b5+ 25. Kh1 Nc4 26. Qe6+ Kh8 27. Bd3 Rf6 28. Qg4 Ne3 0-1

[Event "Turkey Cup 2019"]
[Site "Belek"]
[Date "2019.01.27"]
[Round "1.50"]
[White "Kocyigit, Buse Naz"]
[Black "Eroglu, Berke"]
[Result "1-0"]
[WhiteElo "2043"]
[BlackElo "1442"]
[Annotator "NA RC"]
[PlyCount "63"]
[EventDate "2019.01.27"]
[EventType "swiss"]
[EventCountry "TUR"]
[SourceTitle "playchess.com"]
[Source "ChessBase"]
[SourceQuality "1"]

1. d4 d5 2. Nf3 Nf6 3. c4 e6 4. g3 Be7 5. Bg2 O-O 6. Qc2 Nbd7 7. Nbd2 b6 8. cxd5 Nxd5 9. a3 Bb7 10. O-O Rc8 11. Ne5 c5 12. Qa4 Nxe5 13. dxe5 Bc6 14. Qc2 Qc7 15. e4 Qxe5 16. exd5 exd5 17. Nf3 Qh5 18. Re1 Bf6 19. Bf4 d4 20. Ne5 Bxg2 21. Kxg2 Rfe8 22. g4 Qh4 23. Bg3 Qh6 24. Qc1 Qxc1 25. Raxc1 Bxe5 26. Rxe5 Red8 27. Re7 d3 28. Rxa7 d2 29. Rd1 g5 30. Be5 Re8 31. Bc3 Rcd8 32. Rxd2 1-0

[Event "Turkey Cup 2019"]
[Site "Belek"]
[Date "2019.01.27"]
[Round "1.51"]
[White "Erol, Harun Eser"]
[Black "Sahin, Handenur"]
[Result "0-1"]
[WhiteElo "1464"]
[BlackElo "1998"]
[Annotator "NA RC"]
[PlyCount "72"]
[EventDate "2019.01.27"]
[EventType "swiss"]
[EventCountry "TUR"]
[SourceTitle "playchess.com"]
[Source "ChessBase"]
[SourceQuality "1"]

1. f4 d5 2. Nf3 Nf6 3. e3 Bg4 4. d4 e6 5. Bd3 Nbd7 6. Nbd2 c5 7. c3 Bd6 8. O-O cxd4 9. cxd4 O-O 10. Qe1 Bf5 11. Bxf5 exf5 12. Nh4 g6 13. Qg3 Kh8 14. Qh3 Rc8 15. Ndf3 Ne4 16. Ne5 Nxe5 17. fxe5 Be7 18. Nf3 Bg5 19. Nd2 Rxc1 20. Rfxc1 Nxd2 21. b3 Ne4 22. Rc2 Qb6 23. Rac1 Kg7 24. Qf3 Re8 25. Kh1 Re6 26. Rf1 Rc6 27. Rxc6 Qxc6 28. Qe2 Qc3 29. Re1 Bh4 30. Rf1 Bg5 31. Re1 h5 32. Kg1 f4 33. exf4 Qxd4+ 34. Qe3 Qxe3+ 35. Rxe3 Bxf4 36. Rd3 d4 0-1

[Event "Turkey Cup 2019"]
[Site "Belek"]
[Date "2019.01.27"]
[Round "1.52"]
[White "Gallevci, Yagiz"]
[Black "Kizilkus, Tanju"]
[Result "1-0"]
[WhiteElo "2034"]
[BlackElo "1585"]
[Annotator "NA"]
[PlyCount "93"]
[EventDate "2019.01.27"]
[EventType "swiss"]
[EventCountry "TUR"]
[SourceTitle "playchess.com"]
[Source "ChessBase"]
[SourceQuality "1"]

1. d4 Nf6 2. Nf3 c5 3. c3 e6 4. Bf4 Nc6 5. e3 d5 6. Nbd2 Bd6 7. Bg3 O-O 8. Bd3 b6 9. Ne5 Bb7 10. O-O Bxe5 11. dxe5 Nd7 12. f4 f5 13. Nf3 Rc8 14. Bh4 Qe8 15. h3 c4 16. Bc2 g6 17. g4 Nc5 18. gxf5 exf5 19. Qxd5+ Kh8 20. Qd6 Nd8 21. Rad1 Nde6 22. Nd4 g5 23. Nxe6 Nxe6 24. Bxg5 Nxg5 25. fxg5 Qh5 26. Rxf5 Rxf5 27. Bxf5 Qxg5+ 28. Bg4 Qxe3+ 29. Kf1 Qf4+ 30. Ke1 Rf8 31. Qd4 Be4 32. e6+ Kg8 33. Qg1 Bg6 34. Qg2 Qe3+ 35. Be2 Qf4 36. Rd2 b5 37. e7 Qh4+ 38. Kd1 Qxe7 39. Qd5+ Bf7 40. Qxb5 Qe4 41. Qg5+ Kh8 42. Qf6+ Kg8 43. Qg5+ Kh8 44. Rd4 Qh1+ 45. Kd2 Qxh3 46. Qf6+ Kg8 47. Rg4+ 1-0

[Event "Turkey Cup 2019"]
[Site "Belek"]
[Date "2019.01.27"]
[Round "1.53"]
[White "Konez, Serkan"]
[Black "Dogdu, Mehmet"]
[Result "0-1"]
[WhiteElo "1513"]
[BlackElo "1940"]
[Annotator "NA"]
[PlyCount "81"]
[EventDate "2019.01.27"]
[EventType "swiss"]
[EventCountry "TUR"]
[SourceTitle "playchess.com"]
[Source "ChessBase"]
[SourceQuality "1"]

1. d4 Nf6 2. Nc3 d5 3. e4 dxe4 4. f3 exf3 5. Nxf3 Bg4 6. h3 Bh5 7. g4 Bg6 8. Bc4 e6 9. Qe2 c6 10. Bg5 b5 11. Nxb5 cxb5 12. Bxb5+ Ke7 13. O-O-O Qd5 14. Bc4 Qe4 15. Qh2 Qxc2+ 16. Qxc2 Bxc2 17. Kxc2 h6 18. Bxf6+ gxf6 19. d5 e5 20. Nh4 Nd7 21. b4 h5 22. Nf5+ Ke8 23. Kc3 Rc8 24. Kb3 Rb8 25. d6 Bh6 26. Bd5 Bf4 27. Bc6 Kd8 28. Bd5 Nc5+ 29. Kc4 Ne6 30. Ne7 Rb6 31. Nc6+ Kd7 32. Nxa7 Nd4 33. Bxf7 Ra8 34. Rxd4 exd4 35. Nb5 Rc8+ 36. Kxd4 Rxb5 37. a3 hxg4 38. hxg4 Kxd6 39. Ke4 Bg5 40. Rb1 Rc3 41. Kd4 0-1

[Event "Turkey Cup 2019"]
[Site "Belek"]
[Date "2019.01.27"]
[Round "1.54"]
[White "Cilek, Bora"]
[Black "Kiray, Tuncer Efe"]
[Result "0-1"]
[WhiteElo "1907"]
[BlackElo "1556"]
[Annotator "NA RC"]
[PlyCount "86"]
[EventDate "2019.01.27"]
[EventType "swiss"]
[EventCountry "TUR"]
[SourceTitle "playchess.com"]
[Source "ChessBase"]
[SourceQuality "1"]

1. d4 Nf6 2. Bf4 c5 3. e3 cxd4 4. exd4 d6 5. c3 Bf5 6. Ne2 Qb6 7. Qb3 Nbd7 8. Ng3 Be6 9. Qxb6 Nxb6 10. Na3 Rc8 11. Bd3 Nc4 12. Nxc4 Bxc4 13. Bc2 e6 14. f3 d5 15. Kf2 Be7 16. Rhe1 O-O 17. Nf5 Rfe8 18. Nxe7+ Rxe7 19. g4 Ne8 20. a3 Rc6 21. b3 Ba6 22. Bd2 Nd6 23. a4 b6 24. Re3 Rb7 25. f4 b5 26. axb5 Nxb5 27. Bd3 Nc7 28. Bc2 Ne8 29. Rae1 Nf6 30. Kf3 Ne4 31. Bxe4 dxe4+ 32. Rxe4 Rxb3 33. d5 Rd6 34. dxe6 Bb7 35. e7 Re6 36. f5 Rxe7 37. Kf4 Bxe4 38. Rxe4 Rxe4+ 39. Kxe4 a5 40. c4 a4 41. c5 Kf8 42. c6 Ke7 43. Bf4 Rb4+ 0-1

[Event "Turkey Cup 2019"]
[Site "Belek"]
[Date "2019.01.27"]
[Round "1.55"]
[White "Oz, Dindar"]
[Black "Deniz, Medeni"]
[Result "1/2-1/2"]
[WhiteElo "1644"]
[BlackElo "1933"]
[Annotator "NA"]
[PlyCount "141"]
[EventDate "2019.01.27"]
[EventType "swiss"]
[EventCountry "TUR"]
[SourceTitle "playchess.com"]
[Source "ChessBase"]
[SourceQuality "1"]

1. d4 Nf6 2. c4 e6 3. Nc3 d5 4. cxd5 exd5 5. Bg5 Nbd7 6. e3 Be7 7. Bd3 c6 8. Qc2 h6 9. Bh4 b6 10. Nf3 Bb7 11. O-O O-O 12. Rac1 Re8 13. Qe2 Nf8 14. Ne5 N6d7 15. Bxe7 Qxe7 16. f4 f6 17. Nxd7 Qxd7 18. Rce1 Re7 19. Qh5 Qe8 20. Qxe8 Raxe8 21. Kf2 Ne6 22. Bg6 Rd8 23. Rc1 c5 24. Ne2 Ba6 25. Rfe1 Nf8 26. Bh5 Bxe2 27. Rxe2 c4 28. Bf3 b5 29. Rd1 Ne6 30. h4 g6 31. g4 Kf7 32. f5 gxf5 33. gxf5 Ng7 34. e4 dxe4 35. Bxe4 Rde8 36. Rde1 Kf8 37. Bc2 Rxe2+ 38. Rxe2 a5 39. Rxe8+ Nxe8 40. Ke3 Ke7 41. Kf4 Kd6 42. Be4 b4 43. Kg4 Ng7 44. Kf4 a4 45. Ke3 Ne8 46. Kf4 b3 47. axb3 axb3 48. Kg4 Ng7 49. Kf4 Ne8 50. Kg4 Nc7 51. Kh5 Nb5 52. Kxh6 Nxd4 53. Kg6 Ke5 54. Bb1 Nf3 55. h5 Nh4+ 56. Kg7 Nxf5+ 57. Bxf5 Kxf5 58. h6 c3 59. h7 c2 60. h8=Q c1=Q 61. Qh3+ Ke5 62. Qg3+ Qf4 63. Qxb3 Qg4+ 64. Kf7 Qd7+ 65. Kg6 Qf5+ 66. Kg7 Qg5+ 67. Kf7 Qh5+ 68. Kg7 Qg4+ 69. Kf7 Qd7+ 70. Kg6 Qe8+ 71. Kg7 1/2-1/2

[Event "Turkey Cup 2019"]
[Site "Belek"]
[Date "2019.01.27"]
[Round "1.56"]
[White "Aydin, Ismail"]
[Black "Ozturk, Oguzhan"]
[Result "1-0"]
[WhiteElo "1950"]
[BlackElo "1528"]
[Annotator "NA RC"]
[PlyCount "113"]
[EventDate "2019.01.27"]
[EventType "swiss"]
[EventCountry "TUR"]
[SourceTitle "playchess.com"]
[Source "ChessBase"]
[SourceQuality "1"]

1. d4 Nf6 2. Nf3 d5 3. c4 c6 4. e3 e6 5. Nc3 Bd6 6. Bd3 Nbd7 7. O-O O-O 8. e4 dxc4 9. Bxc4 e5 10. Bg5 h6 11. Bh4 exd4 12. Qxd4 Bc5 13. Qd2 Ne5 14. Qxd8 Nxf3+ 15. gxf3 Rxd8 16. Rfd1 Be6 17. Bf1 g5 18. Bg3 Kf8 19. f4 Nh5 20. f5 Nxg3 21. hxg3 Bd7 22. Be2 Be8 23. Kg2 f6 24. g4 Bf7 25. Rh1 Kg7 26. Rad1 Be7 27. b3 Rxd1 28. Rxd1 Rd8 29. f4 Rxd1 30. Nxd1 Kf8 31. e5 Bd5+ 32. Bf3 gxf4 33. e6 Kg7 34. Nc3 Bxf3+ 35. Kxf3 Bd6 36. Ne2 Kf8 37. Nxf4 Ke8 38. Ke4 Bb4 39. Kd4 Bd2 40. Nd3 b6 41. Kc4 Ke7 42. Nf2 Be1 43. Ne4 Bh4 44. b4 a6 45. a4 Be1 46. a5 bxa5 47. bxa5 Bxa5 48. Kc5 Bd8 49. Kxc6 Kf8 50. Nc5 Be7 51. Nxa6 Ba3 52. Kd7 Be7 53. Nc7 Ba3 54. Nd5 Kg7 55. e7 Bxe7 56. Kxe7 h5 57. gxh5 1-0

[Event "Turkey Cup 2019"]
[Site "Belek"]
[Date "2019.01.27"]
[Round "1.58"]
[White "Ozsakallioglu, Akin"]
[Black "Sazlik, Mucahit"]
[Result "1-0"]
[WhiteElo "1957"]
[BlackElo "1527"]
[Annotator "NA RC"]
[PlyCount "97"]
[EventDate "2019.01.27"]
[EventType "swiss"]
[EventCountry "TUR"]
[SourceTitle "playchess.com"]
[Source "ChessBase"]
[SourceQuality "1"]

1. e4 d5 2. exd5 Qxd5 3. Nc3 Qd8 4. Nf3 Nf6 5. g3 Bf5 6. Bg2 c6 7. O-O e6 8. d4 Nbd7 9. Re1 Be7 10. h3 h6 11. Qe2 O-O 12. g4 Nxg4 13. hxg4 Bxg4 14. d5 Bc5 15. dxc6 bxc6 16. Be3 Bb6 17. Rad1 Qc7 18. Bxb6 axb6 19. Rd4 Nf6 20. Qe5 Qb7 21. Nh2 Bf5 22. Rd6 Ra5 23. Qe3 Nd5 24. Nxd5 exd5 25. a3 Be6 26. Qe5 b5 27. Qc3 Ra6 28. Nf3 Rc8 29. Qc5 Ra4 30. b3 Rg4 31. Nd4 Qe7 32. Nxe6 fxe6 33. Rxd5 Qf6 34. Rd3 Rf8 35. Rg3 Rf4 36. Re2 Qa1+ 37. Bf1 h5 38. Qxh5 Qd4 39. Qe5 Qxe5 40. Rxe5 Rxf2 41. Bh3 R8f6 42. Rxe6 Kf7 43. Rxf6+ Rxf6 44. Bg2 c5 45. Rf3 Ke6 46. Rxf6+ gxf6 47. Bc6 b4 48. a4 Kd6 49. Bb5 1-0

[Event "Turkey Cup 2019"]
[Site "Belek"]
[Date "2019.01.27"]
[Round "1.59"]
[White "Bayram, Irem Inci"]
[Black "Bilgin, Murat Evrensel"]
[Result "0-1"]
[WhiteElo "1525"]
[BlackElo "1898"]
[Annotator "NA RC"]
[PlyCount "102"]
[EventDate "2019.01.27"]
[EventType "swiss"]
[EventCountry "TUR"]
[SourceTitle "playchess.com"]
[Source "ChessBase"]
[SourceQuality "1"]

1. d4 f5 2. c4 Nf6 3. Nc3 e6 4. Nf3 b6 5. Bf4 Bb7 6. e3 Bb4 7. Rc1 O-O 8. Bd3 Ne4 9. O-O Bxc3 10. bxc3 d6 11. Qb3 Qe7 12. Rfd1 Nd7 13. c5 Kh8 14. cxd6 cxd6 15. Qa3 Ndf6 16. c4 Rfd8 17. Bb1 Qe8 18. Qb4 Ng4 19. Bg3 Nxg3 20. hxg3 Qh5 21. Kf1 Qh1+ 22. Ke2 Qxg2 23. Ne1 Qxf2+ 24. Kd3 Qxe3+ 25. Kc2 Qxg3 26. Kb2 Ne3 27. Rd2 Rac8 28. Ka1 Qg5 29. Rh2 Nd5 30. Qb2 Nf6 31. Nd3 Be4 32. Qe2 Bxd3 33. Qd2 Qxd2 34. Rxd2 Bxb1 35. Kxb1 Kg8 36. Kb2 Kf7 37. Kb3 g5 38. Rh2 h5 39. Rf1 Kg6 40. Re2 Ne4 41. Rh2 d5 42. cxd5 Rxd5 43. Rfh1 h4 44. Rg1 Rxd4 45. Kb2 Rd2+ 46. Rxd2 Nxd2 47. Rd1 Ne4 48. Rh1 f4 49. Rh2 f3 50. Rh1 f2 51. Rf1 g4 0-1

[Event "Turkey Cup 2019"]
[Site "Belek"]
[Date "2019.01.27"]
[Round "1.60"]
[White "Makaraci, Tunahan"]
[Black "Erkam, Hakan Oguzcan"]
[Result "1-0"]
[WhiteElo "1915"]
[BlackElo "1483"]
[Annotator "NA RC"]
[PlyCount "96"]
[EventDate "2019.01.27"]
[EventType "swiss"]
[EventCountry "TUR"]
[SourceTitle "playchess.com"]
[Source "ChessBase"]
[SourceQuality "1"]

1. e4 d6 2. Nf3 Nf6 3. c3 c6 4. Bd3 e5 5. Bc2 Be7 6. d4 Qc7 7. O-O Bg4 8. h3 Bh5 9. Nbd2 O-O 10. Re1 Nbd7 11. Nf1 Bxf3 12. Qxf3 c5 13. d5 Rfe8 14. Ng3 g6 15. Bd2 b5 16. Rec1 a5 17. Nf1 a4 18. Ne3 c4 19. a3 Nc5 20. Rd1 Nb3 21. Bxb3 axb3 22. g4 Nd7 23. Rab1 Nc5 24. Ng2 Qd8 25. Be3 Na4 26. Qg3 Bg5 27. h4 Bxe3 28. Qxe3 Nc5 29. f3 Qf6 30. Kh2 Nd3 31. Kg3 h5 32. Rxd3 cxd3 33. Qxd3 Rab8 34. Rg1 hxg4 35. fxg4 Kg7 36. Rf1 Qe7 37. Ne3 Rh8 38. g5 Rxh4 39. Kxh4 Rh8+ 40. Kg4 Qd7+ 41. Kf3 Qh3+ 42. Ke2 Qh2+ 43. Rf2 Qg1 44. Qd1 Qxg5 45. Qf1 Rh4 46. Rxf7+ Kh6 47. Kd3 Qg3 48. Rf3 Qh2 1-0

[Event "Turkey Cup 2019"]
[Site "Belek"]
[Date "2019.01.27"]
[Round "1.61"]
[White "Karakaya, Mehmet"]
[Black "Kirali, Mehmet"]
[Result "0-1"]
[WhiteElo "1494"]
[BlackElo "1890"]
[Annotator "NA"]
[PlyCount "66"]
[EventDate "2019.01.27"]
[EventType "swiss"]
[EventCountry "TUR"]
[SourceTitle "playchess.com"]
[Source "ChessBase"]
[SourceQuality "1"]

1. d4 Nf6 2. Nf3 g6 3. Bg5 Bg7 4. Nbd2 d6 5. e4 Nc6 6. c3 O-O 7. Bd3 e5 8. dxe5 dxe5 9. Qe2 Qe8 10. Bc4 h6 11. Be3 Kh7 12. h3 Nh5 13. g4 Nf4 14. Bxf4 exf4 15. Bb5 a6 16. Ba4 b5 17. Bc2 Bb7 18. O-O Qe7 19. Rfe1 Rae8 20. Qf1 Qc5 21. a3 Re7 22. Nb3 Qb6 23. Nfd2 Ne5 24. Nd4 Rfe8 25. Ne2 Rd8 26. Rad1 Rxd2 27. Rxd2 Nf3+ 28. Kh1 Nxd2 29. Qg2 f3 30. Qg1 fxe2 31. Rxe2 Nxe4 32. f3 Ng3+ 33. Qxg3 Rxe2 0-1

[Event "Turkey Cup 2019"]
[Site "Belek"]
[Date "2019.01.27"]
[Round "1.62"]
[White "Demirag, Batuhan"]
[Black "Pulat, Gulce"]
[Result "1-0"]
[WhiteElo "1906"]
[BlackElo "1554"]
[Annotator "NA"]
[PlyCount "117"]
[EventDate "2019.01.27"]
[EventType "swiss"]
[EventCountry "TUR"]
[SourceTitle "playchess.com"]
[Source "ChessBase"]
[SourceQuality "1"]

1. Nf3 Nf6 2. c4 d6 3. g3 g6 4. Bg2 Bg7 5. O-O O-O 6. d4 Nbd7 7. Nc3 c5 8. e4 a6 9. h3 Qc7 10. Qe2 cxd4 11. Nxd4 Ne5 12. b3 Bd7 13. Bb2 Rab8 14. Rac1 Rfc8 15. Rfd1 Bh6 16. f4 Nc6 17. Nd5 Nxd5 18. exd5 Nxd4 19. Bxd4 Re8 20. c5 Rbc8 21. c6 bxc6 22. dxc6 Bf5 23. Qf2 Rb8 24. Kh1 e5 25. Be3 exf4 26. Bxf4 Bxf4 27. Qxf4 Re5 28. Rd2 Rbe8 29. Rcd1 R8e6 30. Qb4 Be4 31. Qb7 Bxg2+ 32. Kxg2 Qxb7 33. cxb7 Rb5 34. Rxd6 Rxb7 35. Rxe6 fxe6 36. Rd6 Kf7 37. Rxa6 Kf6 38. Rc6 Ke5 39. Kf3 Rb4 40. Rc3 Kd4 41. Re3 Rb6 42. Re4+ Kc3 43. Kf4 Kb2 44. Re2+ Kc3 45. Ke5 Ra6 46. Kf6 Kd3 47. Rf2 Kd4 48. Rd2+ Ke3 49. Rb2 Kd4 50. b4 e5+ 51. Kg5 e4 52. b5 Rb6 53. a4 e3 54. a5 Re6 55. b6 e2 56. Rxe2 Rxe2 57. b7 Re8 58. a6 Kc5 59. a7 1-0

[Event "Turkey Cup 2019"]
[Site "Belek"]
[Date "2019.01.27"]
[Round "1.63"]
[White "Ustaoglu, Baran"]
[Black "Kilic, Gokturk Kagan"]
[Result "0-1"]
[WhiteElo "1194"]
[BlackElo "2000"]
[Annotator "NA"]
[PlyCount "108"]
[EventDate "2019.01.27"]
[EventType "swiss"]
[EventCountry "TUR"]
[SourceTitle "playchess.com"]
[Source "ChessBase"]
[SourceQuality "1"]

1. d4 Nf6 2. c4 e5 3. dxe5 Ng4 4. Nf3 Nc6 5. Nc3 Ngxe5 6. Nxe5 Nxe5 7. e4 Bb4 8. Bd2 O-O 9. Be2 d6 10. O-O a5 11. Nd5 Bc5 12. h3 f5 13. exf5 Bxf5 14. Be3 Bxe3 15. Nxe3 Be6 16. f4 Nc6 17. Qd2 Qf6 18. Rad1 Rae8 19. f5 Bc8 20. Nd5 Qf7 21. g4 b6 22. Rf4 Ne5 23. Rdf1 Bb7 24. h4 Bxd5 25. cxd5 Nd7 26. g5 Re5 27. Qc2 Rfe8 28. Bb5 Rc8 29. g6 Qe7 30. gxh7+ Kh8 31. Bxd7 Qxd7 32. f6 gxf6 33. Rxf6 Qg4+ 34. Qg2 Qxg2+ 35. Kxg2 Rxd5 36. Rf8+ Rxf8 37. Rxf8+ Kxh7 38. Rf7+ Kg8 39. Rxc7 Rd2+ 40. Kg3 Rxb2 41. Rc6 b5 42. Rxd6 Rxa2 43. Rb6 Rb2 44. Ra6 a4 45. Kg4 Rb3 46. h5 a3 47. Kg5 b4 48. h6 Rg3+ 49. Kf6 Kh7 50. Ra4 Rg1 51. Ra7+ Kxh6 52. Ra8 Rf1+ 53. Ke5 b3 54. Rxa3 b2 0-1

[Event "Turkey Cup 2019"]
[Site "Belek"]
[Date "2019.01.27"]
[Round "1.64"]
[White "Demircin, Kasim"]
[Black "Hanci, Ilker"]
[Result "1-0"]
[WhiteElo "1878"]
[BlackElo "1615"]
[Annotator "NA RC"]
[PlyCount "55"]
[EventDate "2019.01.27"]
[EventType "swiss"]
[EventCountry "TUR"]
[SourceTitle "playchess.com"]
[Source "ChessBase"]
[SourceQuality "1"]

1. e4 Nc6 2. Nf3 e5 3. Bc4 Nf6 4. d3 Be7 5. O-O d6 6. h3 Na5 7. Bb3 Nxb3 8. axb3 O-O 9. Nc3 Bd7 10. d4 exd4 11. Qxd4 a6 12. Re1 Re8 13. Bf4 Bc6 14. Rad1 Rc8 15. Qc4 Bd7 16. e5 Nh5 17. Bh2 g6 18. Qb4 c5 19. Qxb7 Bc6 20. Qxa6 Bxf3 21. gxf3 Bf8 22. exd6 Rxe1+ 23. Rxe1 Qg5+ 24. Kf1 Qf5 25. Kg2 Nf4+ 26. Bxf4 Qxf4 27. Qxc8 Qxd6 28. Re8 1-0

[Event "Turkey Cup 2019"]
[Site "Belek"]
[Date "2019.01.27"]
[Round "1.65"]
[White "Dalgar, Sudenaz"]
[Black "Gazioglu, Halit"]
[Result "1/2-1/2"]
[WhiteElo "1461"]
[BlackElo "1909"]
[Annotator "NA"]
[PlyCount "167"]
[EventDate "2019.01.27"]
[EventType "swiss"]
[EventCountry "TUR"]
[SourceTitle "playchess.com"]
[Source "ChessBase"]
[SourceQuality "1"]

1. e4 e5 2. Nf3 Nc6 3. Bb5 Nge7 4. Qe2 g6 5. c3 Bg7 6. O-O O-O 7. Rd1 d6 8. d4 Bg4 9. d5 Nb8 10. Bd3 Nd7 11. b4 f5 12. Bg5 h6 13. Bxe7 Qxe7 14. Nbd2 f4 15. Nb3 Nf6 16. c4 g5 17. h3 Bh5 18. c5 Rf7 19. Rac1 Bf8 20. Rc3 Rg7 21. Bb1 g4 22. hxg4 Rxg4 23. Rdc1 Rg7 24. a4 Qd7 25. Nbd2 Re8 26. a5 Ree7 27. c6 Qg4 28. Qf1 b6 29. Bd3 Rg6 30. Nh2 Qc8 31. Qe1 Reg7 32. Bf1 Nh7 33. Ra3 Ng5 34. Rcc3 Rf6 35. Rab3 Qe8 36. Ra3 Qg6 37. axb6 axb6 38. Rcb3 Qf7 39. Kh1 f3 40. Nhxf3 Bxf3 41. Nxf3 Qh5+ 42. Nh2 Rf4 43. Be2 Rxe4 44. Re3 Qg6 45. Rg3 Qf6 46. Ng4 Qg6 47. Nh2 Rh4 48. Kg1 Qe4 49. Rad3 Qxb4 50. Qxb4 Rxb4 51. Rd1 Rf7 52. Nf3 Be7 53. Ne1 Kf8 54. Bh5 Rf6 55. Ra1 Bd8 56. Ra8 Ke7 57. Ra1 Rh4 58. Be2 Rf7 59. Nc2 Rhf4 60. f3 e4 61. Re1 Kf8 62. Nd4 exf3 63. Nxf3 Bf6 64. Rd1 Ne4 65. Rh3 Nc3 66. Rd2 Bg5 67. Nxg5 hxg5 68. Rxc3 Kg7 69. Rg3 Kf6 70. Bg4 Re7 71. Be6 Rg7 72. Re2 Rb4 73. Rf3+ Rf4 74. Rh3 g4 75. Rh4 Ra4 76. g3 b5 77. Rf2+ Ke5 78. Rh5+ Kd4 79. Rf4+ Kc3 80. Rf8 b4 81. Rhf5 b3 82. Rf1 b2 83. Rb8 Ra1 84. Kg2 1/2-1/2

[Event "Turkey Cup 2019"]
[Site "Belek"]
[Date "2019.01.27"]
[Round "1.66"]
[White "Aysoy, Veysi"]
[Black "Kaya, Mehmet Roni"]
[Result "1-0"]
[WhiteElo "1933"]
[BlackElo "1632"]
[Annotator "NA RC"]
[PlyCount "65"]
[EventDate "2019.01.27"]
[EventType "swiss"]
[EventCountry "TUR"]
[SourceTitle "playchess.com"]
[Source "ChessBase"]
[SourceQuality "1"]

1. c4 c5 2. Nf3 Nc6 3. Nc3 e5 4. d3 Nf6 5. g3 d6 6. Bg2 Be7 7. a3 h6 8. Rb1 Bd7 9. e3 a6 10. O-O O-O 11. b4 b6 12. d4 cxd4 13. exd4 Rc8 14. d5 Nb8 15. Qd3 Nh7 16. Bb2 Rc7 17. Rbc1 f5 18. Nd2 f4 19. Nce4 Bf5 20. gxf4 Bxe4 21. Bxe4 Nf6 22. fxe5 Nxe4 23. Nxe4 Rf4 24. Kh1 Qf8 25. e6 Qf5 26. f3 Bh4 27. Rc2 b5 28. c5 Rc8 29. Bc1 dxc5 30. bxc5 Rf8 31. Bxf4 Qxf4 32. c6 Bd8 33. d6 1-0

[Event "Turkey Cup 2019"]
[Site "Belek"]
[Date "2019.01.27"]
[Round "1.67"]
[White "Kahraman, Yusuf"]
[Black "Ozveren, Ali Bulent"]
[Result "1/2-1/2"]
[WhiteElo "1484"]
[BlackElo "1906"]
[Annotator "NA RC"]
[PlyCount "59"]
[EventDate "2019.01.27"]
[EventType "swiss"]
[EventCountry "TUR"]
[SourceTitle "playchess.com"]
[Source "ChessBase"]
[SourceQuality "1"]

1. e4 d6 2. d4 Nf6 3. Bd3 e5 4. dxe5 dxe5 5. Nf3 Nbd7 6. O-O Be7 7. Nbd2 c6 8. Nc4 Qc7 9. b3 b5 10. Ne3 Nc5 11. Bb2 Nfd7 12. Nf5 Bf6 13. Qe2 O-O 14. h3 a5 15. Nh2 Ba6 16. Ng4 Kh8 17. Nxf6 Nxf6 18. f4 Ncd7 19. fxe5 Nxe5 20. Qf2 Ne8 21. Nxg7 Nxg7 22. Qf6 Rae8 23. Rf5 Re6 24. Bxe5 Qa7+ 25. Bd4 Rxf6 26. Bxa7 Nxf5 27. exf5 Rd8 28. Bb6 Rxd3 29. cxd3 Rxf5 30. Bxa5 1/2-1/2

[Event "Turkey Cup 2019"]
[Site "Belek"]
[Date "2019.01.27"]
[Round "1.68"]
[White "Atas, Yunus"]
[Black "Yilmaz, Mehmet Berat"]
[Result "1-0"]
[WhiteElo "1872"]
[BlackElo "1374"]
[Annotator "NA RC"]
[PlyCount "97"]
[EventDate "2019.01.27"]
[EventType "swiss"]
[EventCountry "TUR"]
[SourceTitle "playchess.com"]
[Source "ChessBase"]
[SourceQuality "1"]

1. d4 d5 2. Nf3 Nf6 3. Bf4 c5 4. c3 Nc6 5. dxc5 a5 6. Na3 Bf5 7. e3 e6 8. Nb5 Rc8 9. Nd6+ Bxd6 10. cxd6 O-O 11. Bg5 Qxd6 12. Bxf6 gxf6 13. Qa4 e5 14. Rd1 Qc5 15. Be2 Rfd8 16. O-O Be4 17. Nd2 Bg6 18. Nb3 Qb6 19. Rd2 Rc7 20. Rfd1 Be4 21. Qb5 Qxb5 22. Bxb5 Na7 23. Be2 a4 24. Nc1 a3 25. c4 Rdc8 26. f3 Bf5 27. b3 dxc4 28. Bxc4 b5 29. Bd3 Bxd3 30. Nxd3 Rc2 31. Nb4 Rxd2 32. Rxd2 Rc1+ 33. Kf2 Nc6 34. Nxc6 Rxc6 35. Ke2 Kf8 36. Kd1 Ke7 37. Rd3 b4 38. Kd2 Ke6 39. Rd8 Rd6+ 40. Rxd6+ Kxd6 41. Kd3 Kd5 42. g4 h6 43. h3 Kc5 44. Ke4 Kd6 45. Kf5 Ke7 46. h4 Kd6 47. Kxf6 Kd5 48. Kxf7 e4 49. f4 1-0

[Event "Turkey Cup 2019"]
[Site "Belek"]
[Date "2019.01.27"]
[Round "1.70"]
[White "Hatipli, Mehmet"]
[Black "Atabey, Koray Ibrahim"]
[Result "1-0"]
[WhiteElo "1888"]
[BlackElo "1482"]
[Annotator "NA RC"]
[PlyCount "67"]
[EventDate "2019.01.27"]
[EventType "swiss"]
[EventCountry "TUR"]
[SourceTitle "playchess.com"]
[Source "ChessBase"]
[SourceQuality "1"]

1. Nf3 d5 2. g3 Nf6 3. c4 e6 4. Bg2 Bd6 5. O-O O-O 6. d4 c6 7. Nc3 Re8 8. Bg5 h6 9. Bxf6 Qxf6 10. e4 dxe4 11. Nxe4 Qe7 12. Nxd6 Qxd6 13. c5 Qd8 14. Ne5 Nd7 15. Re1 Nf6 16. h4 Bd7 17. g4 Nd5 18. g5 hxg5 19. Qh5 Qe7 20. hxg5 Nf4 21. Qh4 Ng6 22. Nxg6 fxg6 23. Re3 Rf8 24. Be4 Rf5 25. Bxf5 gxf5 26. Rae1 g6 27. Rh3 Qg7 28. Kg2 Kf7 29. Qf4 Rh8 30. Rxh8 Qxh8 31. Rh1 Qg7 32. Qd6 Ke8 33. Rh8+ Qxh8 34. Qb8+ 1-0